<?xml version="1.0" encoding="UTF-8"?>
<record
    xmlns:xsi="http://www.w3.org/2001/XMLSchema-instance"
    xsi:schemaLocation="http://www.loc.gov/MARC21/slim http://www.loc.gov/standards/marcxml/schema/MARC21slim.xsd"
    xmlns="http://www.loc.gov/MARC21/slim">

  <leader>00755pam a2200121a 44500</leader>
  <controlfield tag="008">230405s2010    xxu||||| |||| 00| 0 eng d</controlfield>
  <datafield tag="041" ind1=" " ind2=" ">
    <subfield code="a">MAR</subfield>
  </datafield>
  <datafield tag="100" ind1=" " ind2=" ">
    <subfield code="a">&#x921;&#x949; &#x92C;&#x94D;&#x930;&#x93F;&#x91C;&#x92E;&#x94B;&#x939;&#x928; &#x926;&#x93E;&#x92F;&#x92E;&#x93E; &#x92A;&#x94D;&#x930;&#x93E; &#x938;&#x94C; &#x92E;&#x93E;&#x927;&#x935;&#x940; &#x915;&#x935;&#x940;</subfield>
  </datafield>
  <datafield tag="245" ind1=" " ind2=" ">
    <subfield code="a">&#x92C;&#x93E;&#x932; &#x935;&#x93F;&#x915;&#x93E;&#x938; &#x92A;&#x94D;&#x930;&#x915;&#x932;&#x94D;&#x92A; &#x905;&#x927;&#x93F;&#x915;&#x93E;&#x930;&#x940; &#x91C;&#x93F;&#x932;&#x94D;&#x939;&#x93E; &#x92E;&#x939;&#x93F;&#x932;&#x93E; &#x935; &#x92C;&#x93E;&#x932; &#x935;&#x93F;&#x915;&#x93E;&#x938; &#x905;&#x927;&#x93F;&#x915;&#x93E;&#x930;&#x940; &#x92A;&#x930;&#x93F;&#x935;&#x93F;&#x915;&#x94D;&#x937;&#x93E; &#x905;&#x927;&#x93F;&#x915;&#x94D;&#x937;&#x915; &#x938;&#x939;&#x93E;&#x92F;&#x94D;&#x92F;&#x915; &#x906;&#x92F;&#x941;&#x915;&#x94D;&#x924; &#x92A;&#x930;&#x93F;&#x915;&#x94D;&#x937;&#x93E; &#x92E;&#x93E;&#x930;&#x94D;&#x917;&#x926;&#x930;&#x94D;&#x936;&#x915;</subfield>
  </datafield>
  <datafield tag="260" ind1=" " ind2=" ">
    <subfield code="a"></subfield>
    <subfield code="b">&#x935;&#x93F;&#x926;&#x92F;&#x93E;&#x92D;&#x93E;&#x930;&#x924;&#x940; &#x92A;&#x94D;&#x930;&#x915;&#x93E;&#x936;&#x928; &#x917;&#x940;&#x924;&#x93E;&#x902;&#x91C;&#x932;&#x940; &#x92E;&#x93E;&#x930;&#x94D;&#x915;&#x947;&#x91F;&#x91C;&#x935;&#x933; &#x92E;&#x947;&#x928; &#x930;&#x94B;&#x921;</subfield>
    <subfield code="c">2010</subfield>
  </datafield>
  <datafield tag="300" ind1=" " ind2=" ">
    <subfield code="a">600</subfield>
  </datafield>
  <datafield tag="906" ind1=" " ind2=" ">
    <subfield code="a">10505</subfield>
  </datafield>
  <datafield tag="999" ind1=" " ind2=" ">
    <subfield code="c">301004</subfield>
    <subfield code="d">301004</subfield>
  </datafield>
  <datafield tag="952" ind1=" " ind2=" ">
    <subfield code="0">0</subfield>
    <subfield code="1">0</subfield>
    <subfield code="4">0</subfield>
    <subfield code="7">0</subfield>
    <subfield code="8">C</subfield>
    <subfield code="a">KVK</subfield>
    <subfield code="b">KVK</subfield>
    <subfield code="c">4</subfield>
    <subfield code="d">2011-04-06</subfield>
    <subfield code="e">&#x905;&#x91C;&#x92C; &#x92A;&#x941;&#x938;&#x94D;&#x924;&#x915;&#x93E;&#x932;&#x92F;</subfield>
    <subfield code="g">300.00</subfield>
    <subfield code="l">0</subfield>
    <subfield code="p">KVK-XTH01155</subfield>
    <subfield code="r">2023-04-18 00:00:00</subfield>
    <subfield code="w">2023-04-18</subfield>
    <subfield code="y">BK</subfield>
  </datafield>
</record>
